| 000 | 01183cam a2200349 i 4500 | ||
|---|---|---|---|
| 001 | 21274063 | ||
| 003 | EG-ScBUE | ||
| 005 | 20230924100739.0 | ||
| 008 | 191029s2019 enka f 001 0 eng d | ||
| 020 | _a9781440300813 | ||
| 040 |
_aDLC _beng _erda _cDLC _dEG-ScBUE |
||
| 082 | 0 | 4 |
_a741.51 _222 _bJOH |
| 100 | 1 |
_aJohnson, Beverly, _eauthor. |
|
| 245 | 1 | 0 |
_aDraw great character and creatures : _b75 art exercises for comics and animation / _cBeverly Johnson. |
| 250 | _aFirst edition. | ||
| 264 | 1 |
_aLondon : _bImpact, _c[ 2019?] |
|
| 300 |
_a144 pages : _billustrations (chiefly color) ; _c28 cm |
||
| 336 |
_atext _btxt _2rdacontent |
||
| 336 |
_astill image _bsti _2rdacontent |
||
| 337 |
_aunmediated _bn _2rdamedia |
||
| 338 |
_avolume _bnc _2rdacarrier |
||
| 500 | _aIncludes index. | ||
| 650 | 7 |
_aCartooning _xTechnique. _2BUEsh |
|
| 650 | 7 |
_aDrawing _xTechnique. _2BUEsh |
|
| 650 | 7 |
_aFigure drawing _xTechnique. _2BUEsh |
|
| 650 | 7 |
_aAnimals in art. _2BUEsh |
|
| 653 |
_cSeptember2023 _bART _2IA |
||
| 655 | _vReading book | ||
| 906 |
_a7 _bcbc _corignew _d2 _encip _f20 _gy-gencatlg |
||
| 942 |
_2ddc _cBB |
||
| 999 |
_c30562 _d30533 |
||